| 000 | 00000nam##2200000za#4500 |
| 001 | 9.568241 |
| 003 | CaOODSP |
| 005 | 20240215150447 |
| 007 | cr ||||||||||| |
| 008 | 150406|1996||||xxc|||||o f|0| 0 eng|d |
| 040 | |aCaOODSP|beng |
| 043 | |an-cn--- |
| 086 | 1 |aPS83-3/49E-PDF |
| 110 | 2 |aCorrectional Service Canada. |
| 245 | 10|aFactors related to recidivism among released federal sex offenders / |h[electronic resource]|cby Laurence L. Motiuk and Shelley L. Brown. |
| 260 | |bCorrectional Service Canada |cAugust 1996. |
| 300 | |a16p.|breferences, tables |
| 490 | 1 |aResearch report|vR-49 |
| 590 | |a10-12-Supp|b2010-11-18 |
| 720 | 1 |aMotiuk, Laurence L. |
| 720 | 1 |aBrown, Shelley L. |
| 775 | 08|tFacteurs liés à la récidive chez les déliquants sexuels sous responsabilité fédéraleen liberté sous condition / |w(CaOODSP)9.599531 |
| 830 | #0|aResearch report (Correctional Service Canada. Research Branch)|vR-49|w(CaOODSP)9.506063 |
| 856 | 40|ahttp://publications.gc.ca|qPDF|s97 KB|uhttps://publications.gc.ca/collections/collection_2010/scc-csc/PS83-3-49-eng.pdf|yR-49 |